The building contract : a commentary on the JBCC agreements (Record no. 199681)

MARC details
000 -LEADER
fixed length control field 00318nam a2200097Ia 4500
082 ## - DEWEY DECIMAL CLASSIFICATION NUMBER
Classification number 343.6807869 FINS
008 - FIXED-LENGTH DATA ELEMENTS--GENERAL INFORMATION
fixed length control field 210817s9999 xx 000 0 und d
100 ## - MAIN ENTRY--PERSONAL NAME
Personal name FINSEN, Eyvind Kenwyn [South Africa], 1999 1st ed
9 (RLIN) 63107
245 #0 - TITLE STATEMENT
Title The building contract : a commentary on the JBCC agreements
942 ## - ADDED ENTRY ELEMENTS
item type Books
Holdings
Withdrawn status Lost status Damaged status Not for loan Home library Current library Date acquired Cost, normal purchase price Total Checkouts Barcode Date last seen Price effective from item type
        Secunda Secunda 18.08.2021 223.00   33228011817762 18.08.2021 18.08.2021 Books